Responses for Show #7710 - Friday, March 2, 2018

Contestants

[<< previous game]

Suzie Newman, an early childhood educator from New York, New York

Matt Lisiecki, an international development researcher from Brooklyn, New York

Laura McLean, a data analyst from Nashville, Tennessee (whose 2-day cash winnings total $19,598)

[next game >>]

Jeopardy! Round responses

THAT BOOK TITLE MAKES ME HUNGRY
CHARITABLE FOLKS
MILITARY MOVIE MATTERS
MYANMAR
"SHADOW"
STROLLING DOWN THE AVENUE
    $200 7
chocolate

Laura
    $200 16
Buffett

Matt
    $200 6
Dr. Strangelove

Laura
    $200 26
(Matt: [*]. What is [*]?)

Burmese

Matt
    $200 1
shadowboxing

Laura
    $200 21
Buenos Aires

Laura
    $400 8
cherries

Matt
    $400 17
(John D.) MacArthur

Suzie
    $400 12
Bradley Cooper

Laura
    $400 27
Islam

Laura
    $400 2
a shadow of a doubt

Laura
    $400 22
Fifth Avenue

Laura
    $600 9
a muffin

Laura
    $600 18
Elton John

Triple Stumper
    $600 13
Stripes

Matt
    $600 28
Suu Kyi

Matt
    $600 3
a shadow puppet

Matt
    $600 23
Honolulu

Laura
    $800 10
Mango Street

Laura
    $1,000 19
(Suzie: Who is du Pont?)

Johns Hopkins

Suzie
    $800 14
Patton

Matt
    $800 30
ruby

Triple Stumper
    $800 4
a shadow cabinet

Matt
    $800 24
(Suzie: What is Illinois?)

Oriental Avenue

Suzie
Triple Stumper
    $1000 11
tortilla

Laura
    $1000 20
David Geffen

Suzie
    $1000 15
Mark Wahlberg

Triple Stumper
    $1000 29
Pagan

Suzie
    $1000 5
rain shadow

Triple Stumper
    $1000 25
Telegraph

Matt

Scores at the first commercial break (after clue 15):

Laura Matt Suzie
$3,800 $3,200 $0

Scores at the end of the Jeopardy! Round:

Laura Matt Suzie
$5,400 $5,200 $600

Double Jeopardy! Round responses

SCULPTURE
MY TV DADS
BIBLICAL PEOPLE & PLACES
YOU'VE GOT A POINT
U.N. MILESTONES
SAME FIRST & LAST LETTER
    $400 11
the Maori

Matt
    $400 26
The Sopranos

Laura
    $400 6
Peter

Matt
    $400 17
a splinter

Laura
    $400 16
the General Assembly

Suzie
    $400 1
a lapel

Matt
    $800 12
Picasso

Suzie
    $800 27
(Jon) Cryer

Matt
    $1,200 7
Arimathea

Matt
    $800 18
a thorn

Matt
    $800 22
the Universal Declaration of Human Rights

Matt
    $3,500 2
(Matt: What is Heckler & Koch?)

a Rottweiler

Matt
    $1200 13
the Nile

Matt
    $1200 28
The Fresh Prince of Bel-Air

Matt
    $1200 8
Ephesians

Matt
    $1200 19
an ice cream cone

Matt
    $1200 23
South Africa

Matt
    $1200 3
Norwegian

Suzie
    $1600 14
Auguste Rodin

Triple Stumper
    $1600 29
Fresh Off the Boat

Suzie
    $1600 9
Sheba

Matt
    $1600 20
Sharp

Triple Stumper
    $1600 24
Chiang Kai-Shek

Triple Stumper
    $1600 4
truculent

Triple Stumper
    $2000 15
Constantin Brancusi

Triple Stumper
    $2000 30
(Sterling K.) Brown

Laura
    $2000 10
Nineveh

Suzie
    $2000 21
(Laura: What is Indonesia?)

the Philippines

Laura
Triple Stumper
    $2000 25
LGBT

Triple Stumper
    $2000 5
effete

Triple Stumper

Scores at the end of the Double Jeopardy! Round:

Laura Matt Suzie
$6,200 $14,100 $6,600
(lock game)

[wagering suggestions for these scores]

Final Jeopardy! Round responses

SPORTS TEAM MASCOTS
(Alex: The team name was not chosen because of the rock band, by the way, but the group has met some of the students.)
...
(Alex: [To Suzie] Thinking of the rock band Def Leppard.)
LauraWhat is an eagle
$0
SuzieWhat is a leopard?
$400
MattWhat are the leopards?
$850
a leopard

Final scores:

Laura Matt Suzie
$6,200 $14,950 $7,000
3rd place: $1,000 New champion: $14,950 2nd place: $2,000

Game dynamics:

Coryat scores:

Laura Matt Suzie
$6,200 $17,200 $7,600
15 R,
1 W
22 R
(including 1 DD),
1 W
(including 1 DD)
8 R,
2 W
(including 1 DD)

Combined Coryat: $31,000

[game clues] [game scores] [suggest correction]

Game tape date: 2017-12-05
The J! Archive is created by fans, for fans. Scraping, republication, monetization, and malicious use prohibited; this site may use cookies and collect identifying information. See terms. The Jeopardy! game show and all elements thereof, including but not limited to copyright and trademark thereto, are the property of Jeopardy Productions, Inc. and are protected under law. This website is not affiliated with, sponsored by, or operated by Jeopardy Productions, Inc. Join the discussion at JBoard.tv.